| 000 | 00692 a2200169 4500 | ||
|---|---|---|---|
| 003 | Nust | ||
| 005 | 20170207153415.0 | ||
| 040 | _cNust | ||
| 082 | _a358.3095491 | ||
| 100 | _aMaj Gen (Retd) Shaukat Riza | ||
| 245 | _aThe pakistan army 1966-71 | ||
| 260 |
_aLahore _bArmy education press _c1995 |
||
| 300 | _a240 | ||
| 505 | _aThe Road to Secession (Page-1) The Pakistan Army-December 1970(Page-59) Military Action (Page-73) Search and Destroy (Page-101) Prelude to War (Page-119) The War in East Pakistan (Page-133) The War in West Pakistan (page-165) In the Winter of Our Discontent (page-211) Epilogue (Page-213) | ||
| 538 | _aAlmirah No.54 Shelf No.5 | ||
| 650 | _aThe pakistan army 1966-71 | ||
| 942 |
_2ddc _cBK |
||
| 999 |
_c185558 _d185558 |
||